000 01398nam a2200301 c 4500
003 BLK
005 20180422115416.0
008 180411b bul|||||r ||||||| ||bul||
010 _aKNG00194378000
040 _aBLK
041 _aBUL
_cBUL
080 _aКалолечение. Пясъчни бани
_b615.838.7
_x(035)
_z615.838.7(035)
100 1 _aПродромов, Андрей Янков
_eпърви автор
_9113121
700 1 _aКръстева, Диана
_eпод ред. на
_9384258
139 _aПродромов, Андрей Янков
_bП 91
245 1 0 _aКалолечение
_bРъководство
_cАндрей Янков Продромов; под ред. на Диана Кръстева.
257 _aBGR
260 София
_bМедицина и физкултура
_c1985
_fПловдив : Д. Благоев
300 _a183 с.
_bс ил., табл., диагр.
_c22 см
380 _a61
500 _aДруги авт. : В. Вл. Едрева, Д. Н. Кръстева, Л. Вл. Владева, Я. Н. Дафинова, отбелязани на с. 5. - 2 006 тир. - Библиогр. с. 170-178 ; Рез. на рус., англ. ез.
650 4 _aКалолечение
_9158153
852 _aЦб 135049
856 4 _qpdf
_u
856 4 _qpdf
_u
942 _cKNG
_n0
944 _aCR
_c25.10.2016
_kНора_Радева
944 _aED
_c25.10.2016
_kНора_Радева
999 _c185385
_d185385